5HLuxD.jpg

KING HENRY VIII SENIOR AND PRIMARY SCHOOL LIBRARY OPAC

Sleepovers / (Record no. 817)

000 -LEADER
fixed length control field 00904cam a2200289 a 4500
001 - CONTROL NUMBER
control field 00168339
003 - CONTROL NUMBER IDENTIFIER
control field OCoLC
005 - DATE AND TIME OF LATEST TRANSACTION
control field 20191220104236.0
008 - FIXED-LENGTH DATA ELEMENTS--GENERAL INFORMATION
fixed length control field 090709r20082001enka j 000 1 eng
020 ## - INTERNATIONAL STANDARD BOOK NUMBER
International Standard Book Number 9780552557832 (pbk.)
020 ## - INTERNATIONAL STANDARD BOOK NUMBER
International Standard Book Number 0552557838 (pbk.)
035 ## - SYSTEM CONTROL NUMBER
System control number UM035772
035 ## - SYSTEM CONTROL NUMBER
System control number (OCoLC)183916269
040 ## - CATALOGING SOURCE
Original cataloging agency NTPU
Transcribing agency KH8
042 ## - AUTHENTICATION CODE
Authentication code nbic
082 ## - DEWEY DECIMAL CLASSIFICATION NUMBER
Classification number FIC WIL
100 1# - MAIN ENTRY--PERSONAL NAME
Personal name Wilson, Jacqueline.
Relator term author
245 10 - TITLE STATEMENT
Title Sleepovers /
Statement of responsibility, etc. Jacqueline Wilson ; illustrated by Nick Sharratt.
260 ## - PUBLICATION, DISTRIBUTION, ETC.
Place of publication, distribution, etc. London :
Name of publisher, distributor, etc. Young Corgi Books/Random House Children's Books,
Date of publication, distribution, etc. 2008, c2001.
300 ## - PHYSICAL DESCRIPTION
Extent [112] p. :
Other physical details ill. ;
Dimensions 20 cm.
500 ## - GENERAL NOTE
General note Originally published: Great Britain: Doubleday, 2001.
650 #0 - SUBJECT ADDED ENTRY--TOPICAL TERM
Topical term or geographic name entry element Sleepovers
Form subdivision Juvenile fiction.
650 #0 - SUBJECT ADDED ENTRY--TOPICAL TERM
Topical term or geographic name entry element Learning disabled
Form subdivision Juvenile fiction.
655 #0 - INDEX TERM--GENRE/FORM
Genre/form data or focus term Children's stories.
700 1# - ADDED ENTRY--PERSONAL NAME
Personal name Sharratt, Nick.
Relator term Illustration
942 ## - ADDED ENTRY ELEMENTS (KOHA)
Source of classification or shelving scheme
Koha item type Books - Fiction
Holdings
Withdrawn status Lost status Source of classification or shelving scheme Damaged status Not for loan Collection code Permanent Location Current Location Shelving location Date acquired Total Checkouts Total Renewals Full call number Barcode Date last seen Date last checked out Price effective from Koha item type
          Fiction KH8 Senior School Library KH8 Senior School Library Fiction 2019-12-20 6 1 FIC WIL 3KHSL000101565 2025-02-06 2025-02-06 2019-12-20 Books - Fiction

Powered By KH8 IT Dept